Matematicko-štatistické modely – dôležitý nástroj manažmentu rizík poisťovní a zaisťovní

Výhody použitia matematicko-štatistických modelov. Špecifikácia problému v rámci reálneho systému a jeho definícia. Formulácia modelu pre daný problém. Zostavenie matematicko-štatistického modelu. Riešenie matematického modelu. Implementácia modelového systému. Deterministické a stochastické modelov...

Descrizione completa

Salvato in:
Dettagli Bibliografici
Autore principale: Krátka, Zuzana, 1968-
Natura: Capitolo di libro
Lingua:slovacco
Soggetti:
Tags: Aggiungi Tag
Nessun Tag, puoi essere il primo ad aggiungerne!!

MARC

LEADER 00000naa$a2200000$$$4500
001 0249300
005 20240502083710.1
041 0 |a slo 
044 |a CZ 
245 1 0 |a Matematicko-štatistické modely – dôležitý nástroj manažmentu rizík poisťovní a zaisťovní  |c Zuzana Krátka 
520 |a Výhody použitia matematicko-štatistických modelov. Špecifikácia problému v rámci reálneho systému a jeho definícia. Formulácia modelu pre daný problém. Zostavenie matematicko-štatistického modelu. Riešenie matematického modelu. Implementácia modelového systému. Deterministické a stochastické modelovanie. Význam modelovania v manažmente rizík. 
610 2 0 |a modelovanie matematické 
610 2 0 |a modely matematické 
610 2 0 |a modely štatistické 
610 2 0 |a riadenie rizík 
610 2 0 |a poisťovne 
610 2 0 |a zaisťovne 
100 1 |a Krátka, Zuzana, 1968-